| 000 | 02205 a2200241 4500 | ||
|---|---|---|---|
| 001 | 22039 | ||
| 005 | 20260407155509.0 | ||
| 008 | 260407a1993 arg spa d | ||
| 003 | AR-UNSa-BCEJYS | ||
| 040 |
_aAR-UNSa-BCEJYS _bspa _cAR-UNSa-BCEJYS |
||
| 080 |
_a658.15 _xAdministración financiera privada. Gestión financiera de empresas |
||
| 245 | 1 | 0 | _aAdministración financiera |
| 020 | _a968-880-304-9 | ||
| 250 | _a9a. ed. | ||
| 264 | 1 |
_aMéxico : _bPrentice-Hall _c1993 |
|
| 300 |
_axxi, 894 p. _c25 cm. |
||
| 505 | _a1. Objetivos y funciones de las finanzas - 2. Conceptos en valuación - 3. Riesgos y rentabilidad de mercado - 4. Variable multiples y factores de valuación - 5. Valuación desde un punto de vista relativo - 6. Principios de inversión de capital - 7. Riesgo y opciones administrativas para en la presupuestos de capital - 8. Creación de valor mediante inversiones de capital - 9. Rendimientos requeridos para empresas, divisiones y adquisiciones - 10. Teoría de la estructura de capital - 11. Toma de decisiones en la estructura de capital - 12. Otros aspectos de la política de dividendos - 14. Administración del capital de trabajo y consideraciones de eficiencia del mercado - 14.La administración delas cuentas por cobrar y los inventarios - 15. Administración de efectivo y valores negociables - 16. Administración de cuentas por cobrar e inventarios - 17. Financiamiento sin garantía a corto plazo - 18. Prestamos garantizados y términos de financiamiento - 19. Arrendamiento financiero - 20. Mercados financieros cambiantes - 21. Emisisón de valores - 22. Financiamiento con ingresos fijos y pasivos originados en fondos de pensiones - 23. Financiamiento con opciones:garantias convertibles e intercambiables - 24. Reestructuración corporativa y forzada - 25. Administración financiera internacional - 26. Análisis de razones financieras - 27. Planeación financiera | ||
| 942 | _cBK | ||
| 590 | _aniveau_biblio:m niveau_hierar:0 | ||
| 100 | 1 | _aVan Horne, James C. | |
| 700 | 1 | _aPaniagua Gómez de Reyes, María del Carmen | |
| 856 | 4 | 1 |
_uhttps://biblioeco.unsa.edu.ar/pmb/images/libros/Administracion Financiera 9ed.jpg _yImagen de portada _qimage/jpeg |
| 999 |
_c888 _d888 |
||